000 01077nam a22002297a 4500
003 OSt
005 20260128094711.0
008 230620b ||||| |||| 00| 0 eng d
040 _cSSBUL
041 _ashan
082 _223
_a294.3443
100 0 _aပိင်ႇၺႃႇၼၼ်ႇတ(လွႆၶိူဝ်း)၊
_cၸဝ်ႈ။
_926430
245 1 0 _aမွၵ်ႇမူဝ်ၶမ်းႁႃႈလူင်ႇလႄႈ တြႃးမင်ႇၵလႃႇ /
_cၸဝ်ႈပိင်ႇၺႃႇၼၼ်ႇတ(လွႆၶိူဝ်း)။
260 _aဝဵင်းလိူဝ်ႇ၊
_bတႆးၵမ်ႇပေႃးၸ၊
_c2016 ။
300 _a136 ၼႃႈ၊
_c25 ၸိၼ်ႇတီႇ။
500 _aမၢႆတွင်းပွႆးၶွၼ်ႇၽရႅၼ်ႉလိၵ်ႈလူင် ပွၵ်ႈၵမ်း(3) ဝဵင်းလႃႈသဵဝ်ႈ။
500 _a S-SAT: Dr. Prof Sai Aung Tun
650 _aတြႃးၽြႃးပဵၼ်ၸဝ်ႈ
942 _cBK
942 _2ddc
942 _2ddc
999 _c26074
_d26074